| 000 | 00447nam a22001577a 4500 | ||
|---|---|---|---|
| 005 | 20240109151705.0 | ||
| 008 | 190603b xxu||||| |||| 00| 0 eng d | ||
| 020 | _a976-81-85790-53-4 | ||
| 041 | _aeng | ||
| 100 |
_aPATIL, DR. ULHAS.,KULKARNI,DR. J.S. ,CHAUDHARI,DR. A.B.,AND CHINCHOLKAR,DR. S.B. _98365 |
||
| 245 | _aFOUNDATIONS IN MICROBIOLOGY | ||
| 250 | _a10th Ed,2018 | ||
| 260 |
_aPUNE _bNIRALI PRAKASHAN |
||
| 300 | _a1.10p, | ||
| 942 | _cBK | ||
| 999 |
_c5926 _d5924 |
||